Southville International School and Colleges
Your cart is empty.
  • Cart
  • Lists
    Public lists Eva Luna New books Lux_list list_1
    Your lists Log in to create your own lists
  • Log in to your account
  • Your cookies
  • Search history
Southville International School and Colleges
  • Advanced search
  • Recent comments
  • Most popular
  • Libraries

Log in to your account

Log in with GOOGLE


If you do not have an external account, but do have a local account, you can still log in:

  1. Home
  2. MARC view: A practical guide for policy analysis :
Normal view MARC view ISBD view

A practical guide for policy analysis : (Record no. 305178)

[ view plain ]
MARC details
000 -LEADER
fixed length control field 01219cam a2200313 i 4500
001 - CONTROL NUMBER
control field 18703538
003 - CONTROL NUMBER IDENTIFIER
control field SISC
005 - DATE AND TIME OF LATEST TRANSACTION
control field 20161104163210.0
008 - FIXED-LENGTH DATA ELEMENTS--GENERAL INFORMATION
fixed length control field 150717s2016 cau b 001 0 eng
010 ## - LIBRARY OF CONGRESS CONTROL NUMBER
LC control number 2015028146
020 ## - INTERNATIONAL STANDARD BOOK NUMBER
International Standard Book Number 9781483359465 (pbk. : alk. paper)
040 ## - CATALOGING SOURCE
Original cataloging agency DLC
Language of cataloging eng
Transcribing agency DLC
Description conventions rda
Modifying agency DLC
042 ## - AUTHENTICATION CODE
Authentication code pcc
050 00 - LIBRARY OF CONGRESS CALL NUMBER
Classification number H 97
Item number .B37 2016
082 00 - DEWEY DECIMAL CLASSIFICATION NUMBER
Classification number 320.6
100 1# - MAIN ENTRY--PERSONAL NAME
Personal name Bardach, Eugene.
245 12 - TITLE STATEMENT
Title A practical guide for policy analysis :
Remainder of title the eightfold path to more effective problem solving /
Statement of responsibility, etc Eugene Bardach, Richard and Rhoda Goldman School of Public Policy, University of California, Berkeley, Eric M. Patashnik, Frank Batten School of Leadership and Public Policy, University of Virginia.
250 ## - EDITION STATEMENT
Edition statement 5th edition.
260 ## - PUBLICATION, DISTRIBUTION, ETC. (IMPRINT)
Place of publication, distribution, etc Los Angeles :
Name of publisher, distributor, etc Sage,
Date of publication, distribution, etc 2016.
300 ## - PHYSICAL DESCRIPTION
Extent xx, 200 pages ;
Dimensions 24 cm.
500 ## - GENERAL NOTE
General note Includes bibliographical references and index.
650 #0 - SUBJECT ADDED ENTRY--TOPICAL TERM
Topical term or geographic name as entry element Policy sciences.
650 #0 - SUBJECT ADDED ENTRY--TOPICAL TERM
Topical term or geographic name as entry element Decision making.
650 #0 - SUBJECT ADDED ENTRY--TOPICAL TERM
Topical term or geographic name as entry element Problem solving.
700 1# - ADDED ENTRY--PERSONAL NAME
Personal name Patashnik, Eric M.
906 ## - LOCAL DATA ELEMENT F, LDF (RLIN)
a 7
b cbc
c orignew
d 1
e ecip
f 20
g y-gencatlg
942 ## - ADDED ENTRY ELEMENTS (KOHA)
Source of classification or shelving scheme Library of Congress Classification
Koha item type Books
Holdings
Withdrawn status Lost status Source of classification or shelving scheme Damaged status Home library Current library Shelving location Date acquired Source of acquisition Cost, normal purchase price Sub Shelving location Total Checkouts Full call number Barcode Date last seen Price effective from Koha item type
    Library of Congress Classification   College Library College Library Graduate Section 11/04/2016 Library Fund 2422.00     H 97 .B37 2016 C20749 03/14/2017 11/04/2016 Books

A practical guide for policy analysis :

APA

Bardach E., Patashnik E. M., . (2016). A practical guide for policy analysis. Los Angeles: Sage.

Chicago

Bardach Eugene, Patashnik Eric M, . 2016. A practical guide for policy analysis. Los Angeles: Sage.

Harvard

Bardach E., Patashnik E. M., . (2016). A practical guide for policy analysis. Los Angeles: Sage.

MLA

Bardach Eugene, Patashnik Eric M, . A practical guide for policy analysis. Los Angeles: Sage. 2016.

  • Place hold
  • Print
  • Cite
  • Add to your cart (remove)
  • Save record
    BIBTEX Dublin Core MARCXML MARC (non-Unicode/MARC-8) MARC (Unicode/UTF-8) MARC (Unicode/UTF-8, Standard) MODS (XML) RIS
  • More searches
    Search for this title in:
    Other Libraries (WorldCat) Other Databases (Google Scholar) Online Stores (Bookfinder.com) Open Library (openlibrary.org)

Exporting to Dublin Core...

SOUTHVILLE LIBRARY

Southville International School and Colleges Library

1281 Tropical Ave. Cor. Luxembourg St., BF Homes International, Las Pinas City

Tel. No. 8256374 / 252358 Loc. 117/146

Powered by Koha